000 00206 a2200097 4500
001 1452
100 _aShreve, R.N
245 _aChemical process industries
260 _a
_bMcgrawhill
_c
090 _c995
_d995
942 _aNUST-CAE
_cM
_c36877
999 _c236525
_d236525